Statistics for U.S. States with the Most Immigrants

Click here to take the quiz!

General Stats

  • This quiz has been taken 26,557 times
    (12,851 since last reset)
  • The average score is 8 of 10

Answer Stats

%State% Correct
26.7California
99%
22.4New York
98%
17.1Texas
97%
21.1Florida
96%
14.9Washington
81%
23.4New Jersey
71%
19.8Nevada
62%
17.3Massachusetts
61%
19.3Hawaii
56%
15.4Maryland
49%

Score Distribution

Percentile by Number Answered

Percent of People with Each Score

Your Score History

You have not taken this quiz since the last reset